Graphic source : Clip art

Bibliographic Details
Format: Book
Language:English
Published: Illinios : Graphic Products Corporation 1986
Subjects:

MARC

LEADER 00000cam a2200000 7i4500
001 0000015410
005 20241022.0
008 050609 ilu eng
040 |a INS   |b eng   |e rda 
090 0 0 |a BV653.3   |b .G726 1986 
245 0 0 |a Graphic source :   |b Clip art 
264 1 |a Illinios :   |b Graphic Products Corporation   |c 1986 
300 |a 32 pages ;   |c 28 cm. 
336 |a text  |2 rdacontent 
337 |a unmediated  |2 rdamedia 
338 |a volume  |2 rdacarrier 
650 0 |a Commercial art-History-20th century 
999 |a 0000015437   |b BOOK   |c Open Shelf   |e Default branch